[Event "GER-chT U14 Girls"]
[White "Lichtenwald, Cyla"]
[Black "Buettner, Alexandra"]
[Site "Dittrichshuette"]
[Round "2.4"]
[Result "1/2-1/2"]
[Date "2005.12.27"]
[WhiteElo "847"]
[BlackElo "1019"]
[PlyCount "95"]
[EventDate "2005.12.27"]
[EventType "team-swiss"]
[EventRounds "6"]
[EventCountry "GER"]
[SourceTitle "CBM 110 Extra"]
[Source "ChessBase"]
[SourceDate "2006.03.10"]
[SourceVersion "2"]
[SourceVersionDate "2006.03.10"]
[SourceQuality "1"]
[WhiteTeam "Hoerden U14 Girls"]
[BlackTeam "Kronach U14 Girls"]
[WhiteTeamCountry "GER"]
[BlackTeamCountry "GER"]

1. d4 d5 2. Nf3 Nf6 3. c4 e6 4. Nc3 Bb4 5. Bd2 0-0 6. e3 Nc6 7. Bd3 Re8 8. 0-0 e5 9. dxe5 Nxe5 10. Nxe5 Rxe5 11. cxd5 Nxd5 12. Nxd5 Bxd2 13. Nxc7 Qxc7 14. Qxd2 Rd5 15. Qc2 Qxc2 16. Bxc2 Rd2 17. Rfd1 Rxd1+ 18. Rxd1 Be6 19. a3 Rc8 20. Be4 b6 21. h3 g6 22. Kh2 Rc5 23. f4 Rb5 24. b4 a5 25. Rd4 Bf5 26. Bxf5 Rxf5 27. g4 Rb5 28. a4 Rxb4 29. Kg2 b5 30. axb5 Rxb5 31. Ra4 Rb3 32. Kf3 Rb5 33. g5 Kg7 34. Kg4 f6 35. h4 h6 36. e4 hxg5 37. hxg5 fxg5 38. fxg5 Rb4 39. Rxa5 Rxe4+ 40. Kf3 Rb4 41. Ra7+ Kg8 42. Re7 Kf8 43. Re4 Rxe4 44. Kxe4 Kf7 45. Kf4 Ke6 46. Ke4 Kd6 47. Kd4 Ke6 48. Ke4 1/2-1/2